| Tag |
First Indicator |
Second Indicator |
Subfields |
| LEADER |
00000cam a2200000Ia 4500 |
| 001 |
in00002015539 |
| 005 |
20151031153106.0 |
| 008 |
041206s2004 au ab b i000 0 eng d |
| 020 |
|
|
|a 9201040040
|
| 035 |
|
|
|a (OCoLC)ocm57174604
|
| 040 |
|
|
|a ILU
|c ILU
|d TXA
|d UtOrBLW
|
| 049 |
|
|
|a TXAM
|
| 090 |
|
|
|a TD898.14.S34
|b S344 2004
|
| 245 |
0 |
0 |
|a Safety assessment methodologies for near surface disposal facilities :
|b results of a co-ordinated research project.
|
| 264 |
|
1 |
|a 2 v. :
|b Ill., maps,
|c 29 cm.
|
| 300 |
|
|
|a Vienna :
|b IAEA ;
|c 2004.
|
| 336 |
|
|
|a text
|b txt
|2 rdacontent
|
| 337 |
|
|
|a unmediated
|b n
|2 rdamedia
|
| 338 |
|
|
|a volume
|b nc
|2 rdacarrier
|
| 490 |
1 |
|
|a IAEA/TECDOC,
|x 1011-4289
|
| 504 |
|
|
|a Includes bibliographical references.
|
| 500 |
|
|
|a "Originating section of this publication in the IAEA was Waste Safety Section International Atomic Energy Agency"--Title page verso.
|
| 500 |
|
|
|a "In 1997, the International Atomic Energy Agency launched a Co-ordinated Research Project (CRP) on Improvement of Safety Assessment Methodologies for Near Surface Disposal Facilities (ISAM). ... Results ... [were an] Action Plan on the Safety of Radioactive Waste Management [which would] ensure adequate application of the Agency's waste safety standards, by elaborating on the Safety Requirements on 'Near Surface Disposal of Radioactive Waste (Safety Standards Series Number WS-R-1) and the Safety Guide on 'Safety Assessment for Near Surface Disposal of Radioactive Waste' (Safety Standards Series Number WS-G-1.1). ... The IAEA officers responsible for the ISAM project were C. Torres-Vidal and B. Batandjieva of the Division of Radiation, Transport and Waste Safety"--Foreword.
|
| 500 |
|
|
|a "IAEA-ISAM"--Title page verso.
|
| 505 |
0 |
|
|a v. 1. Review and enhancement of safety assessment approaches and tools -- v. 2. Test cases.
|
| 650 |
|
0 |
|a Radioactive substances
|x Management
|v Handbooks, manuals, etc.
|
| 650 |
|
0 |
|a Radioactive waste repositories
|x Safety measures.
|
| 650 |
|
0 |
|a Radioactive substances
|x Storage.
|
| 650 |
|
0 |
|a Radioactive waste sites
|x Environmental aspects.
|
| 650 |
|
0 |
|a Low level radioactive waste disposal facilities
|x Management.
|
| 650 |
|
0 |
|a Radioactive waste disposal in the ground
|x Safety measures.
|
| 700 |
1 |
|
|a Torres-Vidal, C.
|
| 700 |
1 |
|
|a Batandjieva, B.
|
| 710 |
2 |
|
|a International Atomic Energy Agency.
|b Waste Safety Section.
|
| 830 |
|
0 |
|a IAEA-TECDOC.
|
| 994 |
|
|
|a C0
|b TXA
|
| 948 |
|
|
|a cataloged
|b h
|c 2004/12/15
|d c
|e blrosas
|f 10:29:05 am
|
| 999 |
|
|
|a MARS
|
| 999 |
f |
f |
|s 029b4543-80df-3978-84ec-76b78e1510c0
|i ad77b6e8-8f0f-3e56-b78a-90b25b91f05b
|t 0
|
| 952 |
f |
f |
|p ric
|a Texas A&M University
|b Rellis Campus
|c Joint Library Facility
|d Remote Storage
|t 0
|e TD898.14.S34 S344 2004
|h Library of Congress classification
|i unmediated -- volume
|k v.1
|m A14831664583
|
| 952 |
f |
f |
|p ric
|a Texas A&M University
|b Rellis Campus
|c Joint Library Facility
|d Remote Storage
|t 0
|e TD898.14.S34 S344 2004
|h Library of Congress classification
|i unmediated -- volume
|k v.2
|m A14831665173
|
| 998 |
f |
f |
|a TD898.14.S34 S344 2004
|s v.1-2
|t 0
|l Remote Storage
|